Estimating software costs : (Record no. 5762)

MARC details
000 -LEADER
fixed length control field 00598 a2200193 4500
010 ## - LCCN (DPL NO)
LC control number ENG-87020
020 ## - INTERNATIONAL STANDARD BOOK NUMBER
International Standard Book Number 0070659490
Terms of availability 495.00
035 ## - SYSTEM CONTROL NUMBER
System control number EN-70553
037 ## - SOURCE OF ACQUISITION
Source of stock number/acquisition DBAD / PUB
082 14 - DEWEY DECIMAL CLASSIFICATION NUMBER
Classification number 005.30681
100 1# - MAIN ENTRY--PERSONAL NAME
Personal name Jones, Capers
245 1# - TITLE STATEMENT
Title Estimating software costs :
Statement of responsibility, etc by Capers Jones
Remainder of title bringing realism to estimating /
250 ## - EDITION STATEMENT
Edition statement 2nd ed
260 ## - PUBLICATION, DISTRIBUTION, ETC. (IMPRINT)
Place of publication, distribution, etc New Delhi
Name of publisher, distributor, etc Tata McGraw-Hill Publishing
Date of publication, distribution, etc 2007
270 ## - ADDRESS
Address 7, West Patel Nagar,
City New Delhi
Postal code 110 008
300 ## - PHYSICAL DESCRIPTION
Extent xxvii, 653 p
Dimensions 23 cm (Pbk)
500 ## - GENERAL NOTE
General note Includes index
942 ## - ADDED ENTRY ELEMENTS (KOHA)
Institution code [OBSOLETE] dpl
Item type English Books
Source of classification or shelving scheme Dewey Decimal Classification
Classification part 005.30681
Call number suffix JON
Holdings
Withdrawn status Lost status Not for loan Collection code Home library Current library Source of acquisition Cost, normal purchase price Full call number Barcode Copy number Cost, replacement price Koha item type
    Not For Loan Non-fiction D.B.Act.Division D.B.Act.Division DBAD/PUB 495.00 005.30681 JON EN-70553 1 495.00 English Books

© Delhi Public Library
Hit Counter
free hit counter